Về đổi mới giáo dục đại học và công tác thi, tuyển sinh đại học, cao đẳng
保存先:
| 第一著者: | |
|---|---|
| フォーマット: | 図書 |
| 言語: | Undetermined |
| 主題: | |
| オンライン・アクセス: | http://lrc.tdmu.edu.vn/opac/search/detail.asp?aID=2&ID=20132 |
| タグ: |
タグ追加
タグなし, このレコードへの初めてのタグを付けませんか!
|
| Thư viện lưu trữ: | Trung tâm Học liệu Trường Đại học Thủ Dầu Một |
|---|
| LEADER | 00705nam a2200145Ia 4500 | ||
|---|---|---|---|
| 001 | TDMU_20132 | ||
| 008 | 210410s9999 xx 000 0 und d | ||
| 082 | |a 378 | ||
| 100 | |a Phạm, Vũ Luận | ||
| 245 | 0 | |a Về đổi mới giáo dục đại học và công tác thi, tuyển sinh đại học, cao đẳng | |
| 245 | 0 | |c Phạm Vũ Luận | |
| 300 | |a Tr.1-3 | ||
| 650 | |a Giáo dục đại học |x Đổi mới |x Nghị quyết Trung ương 8; Đổi mới giáo dục; Tuyển sinh đại học; Tuyển sinh cao đẳng | ||
| 856 | |u http://lrc.tdmu.edu.vn/opac/search/detail.asp?aID=2&ID=20132 | ||
| 980 | |a Trung tâm Học liệu Trường Đại học Thủ Dầu Một | ||